| 000 | 03076cam a22012494i 4500 | ||
|---|---|---|---|
| 003 | PE-LiUPU | ||
| 005 | 20250813185335.0 | ||
| 008 | 990625s2003 ag r 000 0 spa d | ||
| 020 | _a9500286750 | ||
| 020 | _a9789500286756 | ||
| 035 | _a(Sirsi) i9789500286756 | ||
| 040 |
_aN9V _bspa _cN9V _dPE-LiUPU _erda |
||
| 082 | 0 | 4 |
_a320 _bM86 _220 |
| 100 | 1 |
_aMorris, Dick, _eautor. |
|
| 245 | 1 | 3 |
_aEl nuevo príncipe : _bMaquiavelo actualizado para el siglo XXI / _cDick Morris ; [traducción, Cristina Piña]. |
| 246 | 2 | 0 | _aMaquiavelo actualizado para el siglo XXI. |
| 250 | _aPrimera edición. | ||
| 264 |
_aBuenos Aires : _bEl Ateneo, _c2003. |
||
| 300 |
_a341 páginas. ; _c23 centímetros. |
||
| 336 |
_atext _2rdacontent |
||
| 337 |
_aunmediated _2rdamedia |
||
| 338 |
_avolume _2rdacarrier |
||
| 505 | 0 | _aEl pragmatismo del idealismo -- Gobernar -- Cómo ser elegido -- El futuro. | |
| 526 | _aP202 | ||
| 526 | _aP201 | ||
| 526 | _aP163 | ||
| 526 | _aP162 | ||
| 526 | _aP161 | ||
| 526 | _aP160 | ||
| 526 | _aP148 | ||
| 526 | _aP147 | ||
| 526 | _aP146 | ||
| 526 | _aP145 | ||
| 526 | _aP144 | ||
| 526 | _aP143 | ||
| 526 | _aP142 | ||
| 526 | _aP141 | ||
| 526 | _aP140 | ||
| 526 | _aP139 | ||
| 526 | _aP138 | ||
| 526 | _aP137 | ||
| 526 | _aP136 | ||
| 526 | _aP135 | ||
| 526 | _aP134 | ||
| 526 | _aP133 | ||
| 526 | _aP129 | ||
| 526 | _aP128 | ||
| 526 | _aP127 | ||
| 526 | _aP120 | ||
| 526 | _aP119 | ||
| 526 | _aP118 | ||
| 526 | _aP116 | ||
| 526 | _aP115 | ||
| 526 | _aP114 | ||
| 526 | _aP110 | ||
| 526 | _aP109 | ||
| 526 | _aP108 | ||
| 526 | _aP104 | ||
| 526 | _aP103 | ||
| 526 | _aP102 | ||
| 526 | _aP99 | ||
| 526 | _aP98 | ||
| 526 | _aP97 | ||
| 526 | _aP96 | ||
| 526 | _aP95 | ||
| 526 | _aP93 | ||
| 526 | _aP90 | ||
| 526 | _aP89 | ||
| 526 | _aP88 | ||
| 526 | _aP83 | ||
| 526 | _aP82 | ||
| 526 | _aP62 | ||
| 526 | _aP59 | ||
| 526 | _aP58 | ||
| 526 | _aP57 | ||
| 526 | _aP51 | ||
| 526 | _aP49 | ||
| 526 | _aP48 | ||
| 526 | _aP47 | ||
| 526 | _aP29 | ||
| 526 | _aP24 | ||
| 526 | _aP20 | ||
| 526 | _aP19 | ||
| 526 | _aP17 | ||
| 526 | _aP15 | ||
| 526 | _aP14 | ||
| 526 | _aP12 | ||
| 526 | _aP10 | ||
| 526 | _aP09 | ||
| 526 | _aP08 | ||
| 526 | _aP07 | ||
| 526 | _aP06 | ||
| 526 | _aP05 | ||
| 526 | _aP04 | ||
| 526 | _aP01 | ||
| 650 | 0 | 4 |
_aLiderazgo político _zEstados Unidos. |
| 650 | 0 | 4 |
_aPoder político _zEstados Unidos. |
| 651 | 4 |
_aEstados Unidos _xPolítica y gobierno. |
|
| 700 | 1 | _aPiña, Cristina. | |
| 910 |
_ajck _bebj _cebj _d20160922 |
||
| 942 |
_2ddc _cBOOK |
||
| 949 |
_a320 M86 _wDEWEY _c1 _i74631 _lCCODEBUL1 _mBUL _p18.00 _r0 _sY _tBOOK _u2016-9-22 _xFCE _PP04 _0COMPRA _o.STAFF. Colección Ciencias Empresariales |
||
| 994 |
_aC0 _bPEPRU |
||
| 596 | _a1 | ||
| 999 |
_a320 M86 _wDEWEY _c12579 _i74631 _f2021-11-5 _g6 _lCCODEBUL1 _mBUL _p18.00 _r0 _sY _tBOOK _u2016-9-22 _xBIBLIOTECA _PP04 _0COMPRA _o.STAFF. Colección Ciencias Empresariales _d12579 |
||
| 980 |
_81 _gALBERTO SANCHEZ Responsable de Automatización |
||